Water and man (Record no. 61460)

MARC details
000 -LEADER
fixed length control field 00532nam a2200145 a 4500
008 - FIXED-LENGTH DATA ELEMENTS--GENERAL INFORMATION
fixed length control field 120416s1963 ||||||||||||||||| || u
050 ## - LIBRARY OF CONGRESS CALL NUMBER
Classification number GB 661.2 Can
100 ## - MAIN ENTRY--PERSONAL NAME
Personal name Cantor, L
245 10 - TITLE STATEMENT
Title Water and man
246 ## - VARYING FORM OF TITLE
Title proper/short title a geography of hydro-electric power and irrigation
260 ## - PUBLICATION, DISTRIBUTION, ETC.
Place of publication, distribution, etc. London
Name of publisher, distributor, etc. Chatto & Windus
Date of publication, distribution, etc. 1963
300 ## - PHYSICAL DESCRIPTION
Extent 64p. : ill.
350 ## - PRICE (NR) (BK AM CF MU VM SE) [OBSOLETE]
Price 0.00
995 ## - RECOMMENDATION 995 [LOCAL, UNIMARC FRANCE]
-- 0.00
-- CBU-MAIN LIBRARY (Kitwe)
-- 1
-- 6.00
-- 1
-- AVAILABLE
-- Feb 21, 2007
-- Main Library Open Access Collection
Holdings
Withdrawn status Lost status Source of classification or shelving scheme Damaged status Not for loan Home library Current library Shelving location Date acquired Total Checkouts Full call number Barcode Date last seen Price effective from Koha item type
          CBU-MAIN LIBRARY, KITWE. CBU-MAIN LIBRARY, KITWE.   11/30/2022   GB 661.2 Can 002189 11/30/2022 11/30/2022 MONOGRAPH